[Event "Czech Open A 2013"]
[Site "Pardubice CZE"]
[Date "2013.07.25"]
[Round "7.43"]
[White "Gavrilov,Al1"]
[Black "Valli,F"]
[Result "0-1"]
[WhiteElo "2452"]
[BlackElo "2237"]

1.e4 d5 2.exd5 Qxd5 3.Nc3 Qd6 4.d4 Nf6 5.Nf3 c6 6.Ne5 Nbd7 7.Nc4 Qc7 8.a4 Nb6
9.Ne5 a5 10.Bf4 Qd8 11.Be2 g6 12.O-O Bg7 13.Qd2 O-O 14.Rfd1 Bf5 15.Bf3 Nbd5
16.Bg3 Qb6 17.Nc4 Qd8 18.Be5 Re8 19.Ne2 Be6 20.b3 Bg4 21.Bxg4 Nxg4 22.Bxg7 Kxg7
23.Ng3 e6 24.Ne4 Ngf6 25.Re1 Qc7 26.g3 b6 27.Ng5 h6 28.Nf3 c5 29.dxc5 Qxc5
30.Qd4 Rac8 31.Qxc5 Rxc5 32.Nfe5 Nb4 33.Re2 Nfd5 34.Rc1 Na2 35.Rce1 Nac3
36.Rd2 Re7 37.Rd3 Rec7 38.Rf3 g5 39.Nd6 Nf6 40.Ndc4 Nfd5 41.Nd6 Nf6 42.Nec4 Nxa4
43.bxa4 Rxc4 44.Nxc4 Rxc4 45.Rb3 Nd5 46.Rc1 Nc3 47.Kg2 Nxa4 48.Ra1 Kf6 49.Rd1 Ke7
50.Rd2 Rc6 51.Rbd3 Nc3 52.Rd7+ Kf6 53.R2d3 g4 54.h3 h5 55.hxg4 hxg4 56.R3d4 Nd5
57.c4 Ne7 58.Rxg4 Ng6 59.Rb7 Ne5 60.Rf4+ Kg6 61.Re4 Nxc4 62.Rg4+ Kh5 63.Rg8 Nd6
64.Rbb8 a4 65.Kh3 b5 66.Rbd8 f5 67.Rd7 Kh6 68.Re7 Ne4 69.f4 b4 70.Kh4 b3
71.Rb8 Kg6 72.Rbb7 Nf6 73.Rg7+ Kh6 74.Rgf7 Kg6 75.Rg7+ Kh6 76.Rgf7 Ne8 77.Rf8 Rc7
78.Rb4 Rc1 79.Kh3 Nc7 80.Rh8+ Kg6 81.Rg8+ Kf6 82.Rf8+ Ke7 83.Rfb8 a3 84.Rxb3 a2
85.Ra3 Rh1+ 86.Kg2 a1=Q 87.Rxa1 Rxa1 88.Rb7 Kd6 89.Rb6+ Kd5 90.Rb7 Kc6 91.Rb8 Nd5
92.Rd8 Ra3 93.Rg8 Kd6 94.Rg7 Nf6 95.Kh3 Nh5  0-1

[Event "21st Saint-Affrique Open"]
[Site "Saint Affrique FRA"]
[Date "2013.07.25"]
[Round "7.2"]
[White "Mullon,J"]
[Black "Kukov,V"]
[Result "0-1"]
[WhiteElo "2398"]
[BlackElo "2370"]

1.e4 d5 2.exd5 Qxd5 3.Nc3 Qd6 4.d4 Nf6 5.Nf3 g6 6.g3 Bg7 7.Bf4 Qb6 8.Bg2 Qxb2
9.Bd2 Qb6 10.O-O c6 11.Re1 Qd8 12.Rb1 O-O 13.Bg5 Nbd7 14.Qd2 Nb6 15.Qf4 Nbd5
16.Nxd5 cxd5 17.Qh4 Re8 18.Bh6 b6 19.Ng5 Bf5 20.Rb3 Rc8 21.Rf3 e6 22.c3 Bh8
23.Bh3 Ne4 24.g4 Bf6 25.Rxe4 Bxe4 26.Rxf6 Qxf6 27.Qg3 e5  0-1

[Event "DSK GM Open 2013"]
[Site "Cape Town RSA"]
[Date "2013.07.27"]
[Round "7.2"]
[White "Gluckman,D"]
[Black "Tiviakov,S"]
[Result "0-1"]
[WhiteElo "2250"]
[BlackElo "2654"]

1.e4 d5 2.exd5 Qxd5 3.Nc3 Qd6 4.d4 Nf6 5.Nf3 g6 6.Be2 c6 7.O-O Bg7 8.h3 O-O
9.Re1 Nbd7 10.Bf1 b6 11.Qe2 e6 12.Bg5 Bb7 13.Rad1 Qb4 14.Bc1 Rfe8 15.a3 Qe7
16.Ne5 Rac8 17.Bg5 h6 18.Bh4 g5 19.Bg3 Nf8 20.Rd2 c5 21.Qd1 cxd4 22.Rxd4 Red8
23.Rxd8 Rxd8 24.Bd3 N8d7 25.Nxd7 Qxd7 26.Bb5 Qc8 27.Qe2 a6 28.Bd3 Qc6 29.Qf1 Nh5
30.Bxa6 Bxa6 31.Qxa6 Nxg3 32.fxg3 Rd2 33.Ne4 Rxc2 34.Qd3 Rxb2 35.Qd8+ Kh7
36.Qd3 f5 37.Nf2 Qc5 38.Re2 Rxe2 39.Qxe2 Bd4 40.Qxe6 Bxf2+ 41.Kf1 Bd4  0-1

[Event "DSK GM Open 2013"]
[Site "Cape Town RSA"]
[Date "2013.07.27"]
[Round "7.4"]
[White "Cawdery,D"]
[Black "Kasparov,S"]
[Result "0-1"]
[WhiteElo "2345"]
[BlackElo "2470"]

1.e4 d5 2.exd5 Qxd5 3.Nc3 Qd6 4.d4 Nf6 5.Nf3 c6 6.Be3 Bf5 7.Nh4 Be6 8.Qd2 g6
9.O-O-O Bg7 10.Bf4 Qd8 11.Kb1 Nbd7 12.Nf3 Nb6 13.h4 Nbd5 14.Be5 Nxc3+ 15.Qxc3 h5
16.Ng5 Bd5 17.f3 b5 18.Bd3 a5 19.Rde1 Qd7 20.Ne4 Bxe4 21.Rxe4 Rd8 22.Ree1 Nd5
23.Qd2 Bxe5 24.Rxe5 Qd6 25.Rhe1 a4 26.f4 a3 27.b3 b4 28.Bc4 Nc3+ 29.Ka1 O-O
30.f5 Qxd4 31.Qxd4 Rxd4 32.fxg6 Rfd8 33.gxf7+ Kf8 34.Rc1 Rd1 35.Re1 Rxe1
36.Rxe1 Rd2 37.Bd3 Rxg2 38.Rf1 e5  0-1

[Event "Politiken Cup 2013"]
[Site "Helsingor DEN"]
[Date "2013.07.27"]
[Round "1.123"]
[White "Dyrhaug,Sverre S"]
[Black "Marder,S"]
[Result "0-1"]
[WhiteElo "1577"]
[BlackElo "2049"]

1.e4 d5 2.exd5 Qxd5 3.Nc3 Qd6 4.d4 Nf6 5.Nb5 Qd8 6.c4 c6 7.Nc3 g6 8.Bg5 Bg7
9.Nf3 O-O 10.Qd2 Bf5 11.Bh6 Ne4 12.Qe3 Qa5 13.Bxg7 Kxg7 14.Nh4 e6 15.Nxf5+ exf5
16.f3 Re8 17.Be2 f4 18.Qd3 Nxc3 19.Qxc3 Qg5 20.Kf2 Re3 21.Qb4 Nd7 22.Rae1 Rae8
23.Bd1 c5 24.dxc5 Nxc5 25.Rxe3 fxe3+ 26.Kf1 e2+ 27.Ke1 Nd3+  0-1

[Event "Politiken Cup 2013"]
[Site "Helsingor DEN"]
[Date "2013.07.28"]
[Round "2.110"]
[White "Bremer,E"]
[Black "Nielsen,JeH"]
[Result "1-0"]
[WhiteElo "1493"]
[BlackElo "1849"]

1.e4 d5 2.exd5 Qxd5 3.Nc3 Qd6 4.d4 Nf6 5.Nf3 a6 6.h3 g6 7.Be3 Bg7 8.Qd2 b5
9.Bf4 Qb6 10.Be2 Bb7 11.O-O Nbd7 12.Qe3 e6 13.Rad1 O-O 14.Ne5 Nxe5 15.Bxe5 Nd5
16.Nxd5 Bxd5 17.Bxg7 Kxg7 18.Bf3 Rad8 19.c3 Bxa2 20.Rfe1 Bd5 21.Qe5+ Kg8
22.Re3 Qd6 23.Ra1 Bxf3 24.Rxf3 Qb6 25.h4 Rd5 26.Qe2 c5 27.h5 Rxh5 28.dxc5 Qc7
29.g3 Rxc5 30.Rxa6 Rd8 31.Rf4 Qb7 32.Rxe6 Rh5 33.Ree4 Qa8 34.Rh4 Qa1+ 35.Kg2  1-0

[Event "Politiken Cup 2013"]
[Site "Helsingor DEN"]
[Date "2013.07.28"]
[Round "3.141"]
[White "Rasmussen,O"]
[Black "Endresen,Ola Torstein"]
[Result "0-1"]
[WhiteElo "1727"]
[BlackElo "1399"]

1.e4 d5 2.exd5 Qxd5 3.Nc3 Qd6 4.Nf3 Nf6 5.Be2 a6 6.d3 b5 7.O-O Bb7 8.a3 c5
9.Bd2 e6 10.Qe1 Nbd7 11.b4 cxb4 12.Ne4 Nxe4 13.Bxb4 Qc7 14.Bxf8 Nxf8 15.dxe4 Qxc2
16.Nd2 Rd8 17.Rd1 Ng6 18.f3 O-O 19.Nb1 Nf4 20.Rf2 Nxe2+ 21.Rxe2 Qxd1  0-1

[Event "10th Plancoet Open A"]
[Site "Plancoet FRA"]
[Date "2013.07.28"]
[Round "1.11"]
[White "Bernard,Ja"]
[Black "Milchev,N"]
[Result "0-1"]
[WhiteElo "2211"]
[BlackElo "2433"]

1.e4 d5 2.exd5 Qxd5 3.Nc3 Qd6 4.d4 Nf6 5.Nf3 g6 6.g3 Bg7 7.Bf4 Qb6 8.Qd2 O-O
9.O-O-O Na6 10.Bg2 c6 11.Rhe1 Re8 12.a3 Nd5 13.Nxd5 cxd5 14.Ne5 Be6 15.Re3 Rac8
16.Rc3 Rxc3 17.Qxc3 Rc8 18.Qe3 f6 19.Nd3 g5 20.Nc5 Nxc5 21.dxc5 gxf4  0-1

[Event "DSK GM Open 2013"]
[Site "Cape Town RSA"]
[Date "2013.07.29"]
[Round "9.2"]
[White "Emojong,Elijah"]
[Black "Tiviakov,S"]
[Result "1/2-1/2"]
[WhiteElo "2311"]
[BlackElo "2654"]

1.e4 d5 2.exd5 Qxd5 3.Nc3 Qd6 4.d4 Nf6 5.Nf3 g6 6.Nb5 Qd8 7.Bf4 Na6 8.c4 Bg7
9.h3 O-O 10.Be2 c5 11.O-O cxd4 12.Nbxd4 Nh5 13.Bh2 Nc5 14.Qd2 b6 15.Rad1 Bb7
16.b4 Ne4 17.Qe3 Qc8 18.c5 bxc5 19.bxc5 e5 20.Bxe5 Qxc5 21.Rc1 Qa5 22.Bc7 Qd5
23.Rfd1 Nhf6 24.Ne5 Nc3 25.Bf3 Nxd1 26.Bxd5 Nxe3 27.Bxb7 Ned5 28.Bd6 Rab8
29.Bxf8 Rxb7 30.Bxg7 Kxg7 31.a3 Ne4 32.Nd3 Nec3 33.Nb4  1/2-1/2

[Event "9th Tabor Open 2013"]
[Site "Tabor CZE"]
[Date "2013.07.29"]
[Round "3.14"]
[White "Pavlicek,P"]
[Black "Heinzel,O"]
[Result "1/2-1/2"]
[WhiteElo "1976"]
[BlackElo "2379"]

1.e4 d5 2.exd5 Qxd5 3.Nc3 Qd6 4.d4 Nf6 5.Nf3 c6 6.Bc4 Bg4 7.Be3 e6 8.h3 Bxf3
9.Qxf3 Be7 10.Rd1 O-O 11.O-O Qc7 12.Bf4 Bd6 13.Bxd6 Qxd6 14.Ne4 Nxe4 15.Qxe4 Nd7
16.Bb3 a5 17.c3 g6 18.a3 b5 19.Rfe1 Rfd8 20.Re3 Nf6 21.Qe5 Qxe5 22.Rxe5 Nd7
23.Ree1 Nb6 24.Re5 Kf8 25.h4 Ke7 26.Rde1 Rd6 27.f3 b4 28.a4 Nd7 29.R5e4 bxc3
30.bxc3 Rb8 31.Ba2 Nf6 32.R4e2 Nd5 33.Rc2 Rd7 34.Kf2 Rdb7 35.Ree2 Kd6 36.Red2 Nb6
37.Bb3 c5 38.dxc5+ Kxc5 39.Ke2 Rd7 40.Rxd7 Nxd7 41.Ba2 Ne5 42.Rd2 Rb7 43.Kd1 h5
44.Kc2 Nc6 45.Rd3 Ne5  1/2-1/2

[Event "VIII Vladimir Dvorkovich Open"]
[Site "Taganrog RUS"]
[Date "2013.07.29"]
[Round "8.22"]
[White "Berdashkevich,Svetlana"]
[Black "Jakenberg,Jussi"]
[Result "0-1"]
[WhiteElo "1848"]
[BlackElo "2063"]

1.e4 d5 2.exd5 Qxd5 3.Nc3 Qd6 4.d4 Nf6 5.Nf3 c6 6.g3 Bg4 7.Bg2 e6 8.O-O Be7
9.Bf4 Qd8 10.h3 Bxf3 11.Bxf3 O-O 12.Re1 Nbd7 13.Ne4 Nxe4 14.Bxe4 Nf6 15.Bd3 Nd5
16.Bd2 Nf6 17.Bf4 g6 18.Bh6 Re8 19.c3 Bf8 20.Qd2 Bg7 21.Bxg7 Kxg7 22.Re5 Qd6
23.Rae1 Rad8 24.h4 h5 25.Qc2 Ng4 26.Ra5 e5 27.Rxa7 exd4 28.Rxe8 Rxe8 29.Rxb7 Re1+
30.Bf1 Ne3 31.fxe3 dxe3 32.Kg2 Qd5+ 33.Kg1 Qe5 34.Qg2 Qe6 35.Rb4 e2 36.Rf4 Qe3+
37.Kh2 exf1=Q 38.Rxf1 Re2 39.a3 Qd2  0-1

[Event "Sparkassen Open A 2013"]
[Site "Dortmund GER"]
[Date "2013.07.30"]
[Round "4.5"]
[White "Friedel,M"]
[Black "Schmuecker,Ma"]
[Result "1-0"]
[WhiteElo "2120"]
[BlackElo "2255"]

1.e4 d5 2.exd5 Qxd5 3.Nc3 Qd6 4.d4 Nf6 5.Nf3 c6 6.g3 Bf5 7.Bg2 e6 8.Bf4 Qd8
9.O-O h6 10.Qe2 Be7 11.Rad1 O-O 12.Rfe1 Na6 13.a3 Nc7 14.Ne5 Ncd5 15.Nxd5 cxd5
16.Qb5 Qb6 17.Qxb6 axb6 18.c3 Rfd8 19.h3 Ne8 20.Bf1 Nd6 21.f3 b5 22.Kf2 Nc4
23.Nxc4 bxc4 24.h4 Rdc8 25.Be2 Ra6 26.Rh1 Rb6 27.Bc1 h5 28.Rde1 f6 29.Bd1 Kf7
30.Re2 Bd6 31.Bc2 Bxc2 32.Rxc2 e5 33.Be3 Rb5 34.Rd1 Ke6 35.Re2 Rd8 36.dxe5 fxe5
37.f4 Kd7 38.fxe5 Bxe5 39.a4 Rf8+ 40.Kg2 Ra5 41.Bb6 Ra6 42.Rxe5 Rxb6 43.Rdxd5+ Kc7
44.Re7+ Kc6 45.Re6+ Kxd5 46.Rxb6 Ke4 47.Rxb7 Ke3 48.a5 Ra8 49.Rb5 g6 50.g4 hxg4
51.Kg3 Ra6 52.Kxg4 Ke4 53.Kg5 Kd3 54.Rb6 Rxa5+ 55.Kxg6 Ra1 56.h5 Kc2 57.h6 Rg1+
58.Kf7 Rg2 59.h7 Rf2+ 60.Kg7 Rg2+ 61.Rg6 Rh2 62.h8=Q  1-0

[Event "Politiken Cup 2013"]
[Site "Helsingor DEN"]
[Date "2013.07.30"]
[Round "5.5"]
[White "Edouard,R"]
[Black "Danielsen,Hen"]
[Result "1-0"]
[WhiteElo "2662"]
[BlackElo "2510"]

1.e4 d5 2.exd5 Qxd5 3.Nc3 Qd6 4.d4 Nf6 5.Nf3 c6 6.h3 Bf5 7.Ne5 Nbd7 8.Nc4 Qc7
9.Qf3 Be6 10.Bf4 Qd8 11.O-O-O Nb6 12.Nxb6 Qxb6 13.Be5 O-O-O 14.a3 Qa5 15.Bh2 Qg5+
16.Kb1 g6 17.g4 h5 18.Qg3 Rd6 19.d5 Bxd5 20.f4 Qh6 21.g5 Qh7 22.gxf6 Bxh1
23.f5 h4 24.Qe5 exf6 25.Qe8+ Kc7 26.Rxd6 Bxd6 27.Qe7+ Kb8 28.Bxd6+ Ka8 29.Ba6 bxa6
30.Bc5 Qg8 31.Qxa7+  1-0

[Event "Politiken Cup 2013"]
[Site "Helsingor DEN"]
[Date "2013.07.30"]
[Round "5.64"]
[White "Thuesen,M"]
[Black "Skovgaard,T"]
[Result "0-1"]
[WhiteElo "2267"]
[BlackElo "1962"]

1.e4 d5 2.exd5 Qxd5 3.Nc3 Qd6 4.d4 c6 5.Nge2 Nf6 6.Qd3 g6 7.Bf4 Qd8 8.O-O-O Bg7
9.f3 Bf5 10.Qd2 Nd5 11.Nxd5 Qxd5 12.Nc3 Qa5 13.Bc4 b5 14.Bb3 b4 15.Ne4 Bxe4
16.fxe4 O-O 17.Bg5 Bxd4 18.Bh6 Bg7 19.h4 Na6 20.Bxg7 Kxg7 21.Qf4 Nc5 22.h5 Nxb3+
23.Kb1 g5 24.h6+ Kg8 25.Qg4 Nd2+ 26.Rxd2 Rfd8 27.Rh5 f6 28.Qe6+ Kf8 29.Rxd8+ Rxd8
30.Rh1 Rd6 31.Qc4 Qb6 32.b3 Qb5 33.Qxb5 cxb5 34.Rf1 e5 35.Rc1 Kf7 36.c3 bxc3
37.Rxc3 Kg6  0-1

[Event "10th Plancoet Open A"]
[Site "Plancoet FRA"]
[Date "2013.07.30"]
[Round "4.6"]
[White "Das,Arg"]
[Black "Kukov,V"]
[Result "1/2-1/2"]
[WhiteElo "2493"]
[BlackElo "2370"]

1.e4 d5 2.exd5 Qxd5 3.Nc3 Qd6 4.d4 Nf6 5.Nf3 g6 6.g3 Bg7 7.Bg2 Qa6 8.a4 Bg4
9.h3 Qe6+ 10.Be3 Bxf3 11.Qxf3 c6 12.O-O O-O 13.Rfe1 Qd7 14.Rad1 e6 15.Bg5 Nd5
16.Ne4 h6 17.Bd2 Qe7 18.Qb3 a5 19.c4 Nb4  1/2-1/2

[Event "5th Rethymno Open"]
[Site "Rethymno GRE"]
[Date "2013.07.30"]
[Round "4.25"]
[White "Georgakopoulos,Nikolaos K."]
[Black "Makka,E"]
[Result "0-1"]
[WhiteElo "1429"]
[BlackElo "2107"]

1.e4 d5 2.exd5 Qxd5 3.Nc3 Qd6 4.d4 c6 5.Nf3 Bg4 6.Be2 Nf6 7.O-O e6 8.Bg5 Nbd7
9.h3 Bh5 10.Qd2 Qc7 11.Ne5 Bxe2 12.Qxe2 Nd5 13.Nxd5 cxd5 14.Rfe1 Nxe5 15.dxe5 h6
16.Bf4 Bc5 17.Rad1 O-O-O 18.Rd3 Kb8 19.Red1 f5 20.Qd2 Rc8 21.b4 Be7 22.Ra3 Qxc2
23.Qd4 b6 24.Rdd3 Qc4 25.Qe3 g5 26.Bg3 f4  0-1

[Event "XXII TCh-MKD 2013"]
[Site "Struga MKD"]
[Date "2013.07.30"]
[Round "2.6"]
[White "Stojchev,G"]
[Black "Ranic,Viktor"]
[Result "1/2-1/2"]
[WhiteElo "2246"]
[BlackElo "1927"]

1.e4 d5 2.exd5 Qxd5 3.Nc3 Qd6 4.Nf3 Nf6 5.h3 c6 6.Bc4 Be6 7.Qe2 Bxc4 8.Qxc4 e6
9.d3 Qb4 10.Qxb4 Bxb4 11.a3 Be7 12.Bf4 Nbd7 13.O-O O-O 14.Nd2 Nd5 15.Bg3 Rfd8
16.Ne2 N7f6 17.Nc4 Ne8 18.Rab1 Nd6 19.Nxd6 Bxd6 20.Bxd6 Rxd6 21.Ng3 Nf6 22.Rfe1 Rad8
23.Re5 Rd5 24.Rbe1 Kf8 25.Kf1 R8d7 26.R1e2 h6 27.f4 g6 28.Kf2 h5 29.Ne4 Nxe4+
30.R5xe4 Rd4 31.Kf3 b6 32.Re5 R4d5 33.g4 hxg4+ 34.hxg4 Ke7 35.g5 Rd8 36.Rh2 Rxe5
37.fxe5 c5 38.Rh4 Rd5 39.Re4 Rd7 40.Ke3 Rd5 41.c3 Rd7  1/2-1/2

[Event "Sparkassen Open A 2013"]
[Site "Dortmund GER"]
[Date "2013.07.31"]
[Round "5.6"]
[White "Michalczak,T"]
[Black "Schiefelbusch,D"]
[Result "1-0"]
[WhiteElo "2299"]
[BlackElo "2133"]

1.e4 d5 2.exd5 Qxd5 3.Nc3 Qd6 4.d4 Nf6 5.Nf3 Bg4 6.h3 Bh5 7.g4 Bg6 8.Ne5 Nbd7
9.Nxg6 hxg6 10.Bg2 c6 11.g5 Nd5 12.Ne4 Qc7 13.Qg4 e6 14.a3 b5 15.b3 N7b6
16.Bf1 b4 17.a4 Be7 18.Bd3 Rd8 19.h4 Nc8 20.h5 gxh5 21.Rxh5 Rxh5 22.Qxh5 Nf4
23.Bxf4 Qxf4 24.g6 f5 25.Ng3 Qxd4 26.Rd1 Qh4 27.Qh7 Qxh7 28.gxh7 Kf7 29.Nxf5 Rh8
30.Nd4 g6 31.Nxc6 Bf6 32.Ba6 Nb6 33.a5 Nd5 34.Bc4 Rxh7 35.Bxd5 exd5 36.Rxd5 Bc3+
37.Ke2 Ke6 38.Rc5 Rh1 39.Nxa7 Bd4 40.Rc6+ Kd7 41.Rxg6 Rc1 42.Nb5 Bxf2 43.Kxf2 Rxc2+
44.Ke3 Rc5 45.Rb6  1-0

[Event "Politiken Cup 2013"]
[Site "Helsingor DEN"]
[Date "2013.07.31"]
[Round "6.85"]
[White "Hyldkrog,L"]
[Black "Nielsen,JeH"]
[Result "1/2-1/2"]
[WhiteElo "2009"]
[BlackElo "1849"]

1.e4 d5 2.exd5 Qxd5 3.Nc3 Qd6 4.d4 Nf6 5.Nf3 a6 6.h3 g6 7.Be3 Bg7 8.Be2 b5
9.O-O Bb7 10.a3 O-O 11.Qd2 Ne4 12.Nxe4 Bxe4 13.c3 Nc6 14.Bh6 Na5 15.Bxg7 Kxg7
16.Rad1 Rad8 17.Ne5 Bd5 18.Qe3 Rfe8 19.f4 f6 20.Nd3 Nc4 21.Qc1 Qe6 22.Rf2 Qc8
23.Nc5 Nd6 24.Bf3 Nf5 25.Re1 Kf7 26.Bxd5+ Rxd5 27.Rfe2 h5 28.Qc2 e6 29.Qb3 c6
30.a4 Ng7 31.axb5 axb5 32.Ra1 Qb8 33.Rf2 Rd6 34.Ra6 Re7 35.Ne4 Rd5 36.Rxc6 Qb7
37.Rc5 Red7 38.Rxd5 Qxd5 39.Qxd5 exd5 40.Nc5 Ra7 41.Re2 Ra1+ 42.Kf2 Rd1 43.Na6 Ne8
44.Nb4 Nc7 45.g4 hxg4 46.hxg4 Rh1 47.Kg2 Rh8 48.Nc6 Re8 49.Rf2 Ke6 50.Kf3 Kd6
51.Rh2 Kxc6 52.Rh6 Rg8 53.f5 b4 54.fxg6 Rg7 55.Kf4 bxc3 56.bxc3 Kd7 57.Kf5 Ke7
58.g5 fxg5 59.Kxg5 Ne8 60.Rh3 Nf6 61.Kh6 Rg8 62.Re3+ Kf8 63.Rf3 Ke7 64.Re3+ Kf8
65.Rf3  1/2-1/2

[Event "10th Plancoet Open A"]
[Site "Plancoet FRA"]
[Date "2013.07.31"]
[Round "5.13"]
[White "Le Goff,D"]
[Black "Milchev,N"]
[Result "0-1"]
[WhiteElo "2236"]
[BlackElo "2433"]

1.e4 d5 2.exd5 Qxd5 3.Nc3 Qd6 4.d4 Nf6 5.Nf3 g6 6.g3 Bg7 7.Bg2 Qa6 8.Qe2 Qxe2+
9.Nxe2 Nc6 10.c3 O-O 11.Bf4 Bf5 12.Ne5 Nxe5 13.dxe5 Nd7 14.e6 fxe6 15.Bxb7 Rab8
16.Bg2 Nc5 17.O-O Na4 18.Be3 a5 19.b4 axb4 20.cxb4 Bxa1 21.Rxa1 Rxb4  0-1

[Event "10th Plancoet Open A"]
[Site "Plancoet FRA"]
[Date "2013.07.31"]
[Round "5.4"]
[White "Guliyev,N"]
[Black "Kukov,V"]
[Result "1-0"]
[WhiteElo "2569"]
[BlackElo "2370"]

1.e4 d5 2.exd5 Qxd5 3.Nc3 Qd6 4.g3 Nf6 5.Bg2 g6 6.Nf3 Bg7 7.O-O c6 8.d4 O-O
9.Re1 Bg4 10.Bf4 Qd8 11.h3 Bxf3 12.Qxf3 e6 13.Rad1 Nbd7 14.Nb1 Qb6 15.Bc1 Rfe8
16.Na3 Qc7 17.Bf4 e5 18.dxe5 Nxe5 19.Rxe5 Rxe5 20.Nc4 Nd5 21.Nxe5 Bxe5 22.Bc1 Nb6
23.b3 Rd8 24.c4 Rxd1+ 25.Qxd1 Qd6 26.Qxd6 Bxd6 27.Be3 Nc8 28.Kf1 Kf8 29.Ke2 Ke7
30.Kd3 Ke6 31.c5 Bc7 32.b4 a6 33.a4 Ne7 34.Kc4 f6 35.h4 h5 36.Bd2 Be5 37.Bh3+ f5
38.Bg2 Bc7 39.b5 axb5+ 40.axb5 Be5 41.Bg5 Bc7 42.b6 Be5 43.f4 Bf6 44.Bxf6 Kxf6
45.Kd4 Ke6 46.Bf1 Kd7 47.Bc4 Nc8 48.Ke5 Ne7 49.Be6+ Kd8 50.Kd6 Nd5 51.Bxd5 cxd5
52.c6  1-0

[Event "5th Rethymno Open"]
[Site "Rethymno GRE"]
[Date "2013.07.31"]
[Round "5.28"]
[White "Agnanti,Danai"]
[Black "Chernukhin,Alexander"]
[Result "1/2-1/2"]
[WhiteElo "1726"]
[BlackElo "2080"]

1.e4 d5 2.exd5 Qxd5 3.Nc3 Qd6 4.d4 Nf6 5.Nf3 c6 6.Bc4 Bf5 7.O-O e6 8.h3 Nbd7
9.Ne2 Nd5 10.Bb3 b5 11.Re1 Qc7 12.Ng3 Bg6 13.a4 b4 14.Nh4 Be7 15.Nxg6 hxg6
16.Qf3 N7f6 17.c4 bxc3 18.bxc3 O-O 19.Bg5 Rfd8 20.a5 Rab8 21.Ba4 c5 22.a6 cxd4
23.cxd4 Rb4 24.Ne2 Qc4 25.Rec1 Qxa6 26.Bb3 Qb6 27.Bxd5 Nxd5 28.Bd2 Rb5 29.Ra4 a5
30.Rca1 Rb1+ 31.Rxb1 Qxb1+ 32.Kh2 Qc2 33.Bxa5 Qxa4 34.Bxd8 Bxd8 35.Qg3 Bc7
36.f4 Nxf4 37.Nxf4 Qxd4 38.Qh4 Bxf4+ 39.g3 Qf2+ 40.Kh1 Bxg3 41.Qd8+ Kh7 42.Qh4+  1/2-1/2

[Event "5th Rethymno Open"]
[Site "Rethymno GRE"]
[Date "2013.07.31"]
[Round "5.24"]
[White "Tzouganakis,P"]
[Black "Zamit,K"]
[Result "1-0"]
[WhiteElo "2201"]
[BlackElo "1878"]

1.e4 d5 2.exd5 Qxd5 3.Nc3 Qd6 4.d4 Nf6 5.Nf3 c6 6.Bc4 Bg4 7.Be3 e6 8.h3 Bxf3
9.Qxf3 Nbd7 10.O-O Nb6 11.Bd3 Be7 12.Rfe1 O-O 13.a3 Nbd5 14.Bd2 Nxc3 15.Bxc3 Qd5
16.Qf4 Bd6 17.Qh4 Qh5 18.Qxh5 Nxh5 19.g3 Nf6 20.Rad1 Rfd8 21.Bd2 Rd7 22.f4 h5
23.Kg2 Bc7 24.c3 g6 25.Kf3 a6 26.Bc1 Rad8 27.Bc2 b5 28.g4 a5 29.Rg1 hxg4+
30.hxg4 Kg7 31.Rh1 Rh8 32.f5 Rxh1 33.Rxh1 Nd5 34.Bh6+ Kf6 35.g5+ Ke7 36.fxg6 fxg6
37.Bxg6 Rd8 38.Be4 Rg8 39.g6 Nf6 40.Bg5  1-0

[Event "XXII TCh-MKD 2013"]
[Site "Struga MKD"]
[Date "2013.07.31"]
[Round "3.6"]
[White "Cvetkovski,S"]
[Black "Organdziev,O"]
[Result "0-1"]
[WhiteElo "1879"]
[BlackElo "2291"]

1.e4 d5 2.exd5 Qxd5 3.Nc3 Qd6 4.d4 Nf6 5.Nf3 c6 6.Be2 Bg4 7.O-O Nbd7 8.Be3 e6
9.Qd2 Qc7 10.Bf4 Bd6 11.Bxd6 Qxd6 12.Qe3 Bxf3 13.Bxf3 O-O 14.Ne4 Nxe4 15.Bxe4 Nf6
16.Bf3 Nd5 17.Bxd5 cxd5 18.c3 Rfc8 19.f4 g6 20.Qe5 Qxe5 21.fxe5 b5 22.a3 a5
23.Rf3 Rc4 24.Kf2 Rb8 25.b3 Rc7 26.b4 Rbc8 27.bxa5 Ra8 28.Rb1 Rxa5 29.Rb3 Rc4
30.Ke3 Rca4 31.Rf2 Rxa3 32.Rfb2 Rxb3 33.Rxb3 Ra2 34.Kf3 Rc2 35.h4 h5 36.g4 Rc1
37.gxh5 gxh5 38.Kf4 Rg1 39.Rxb5 Rg4+ 40.Kf3 Rxh4 41.Kg3 Rg4+ 42.Kf3 Kg7 43.Rb7 Rg6
44.Rb1 Kh6 45.Rc1 h4 46.c4 Rg3+ 47.Kf4 dxc4 48.Rxc4 Ra3 49.Kg4 h3 50.Rc2 Rd3
51.Re2 Kg6 52.d5 exd5 53.e6 h2 54.Re1 h1=Q 55.Rxh1 Rd4+  0-1

[Event "Sparkassen Open A 2013"]
[Site "Dortmund GER"]
[Date "2013.08.01"]
[Round "6.7"]
[White "Kartsev,So"]
[Black "Schmuecker,Ma"]
[Result "1-0"]
[WhiteElo "2223"]
[BlackElo "2255"]

1.e4 d5 2.exd5 Qxd5 3.Nc3 Qd6 4.d4 Nf6 5.Bd3 Nc6 6.Nge2 Bg4 7.f3 Bh5 8.Bf4 e5
9.Nb5 Qe7 10.dxe5 Nxe5 11.Nxc7+ Qxc7 12.Bb5+ Nfd7 13.Bxe5 Qa5+ 14.Nc3 O-O-O
15.Qd5 Bb4 16.Qc4+ Nc5 17.O-O a6 18.a3 axb5 19.Nxb5  1-0

[Event "Politiken Cup 2013"]
[Site "Helsingor DEN"]
[Date "2013.08.01"]
[Round "7.119"]
[White "Larsen,Preben R."]
[Black "Endresen,Ola Torstein"]
[Result "1-0"]
[WhiteElo "1836"]
[BlackElo "1399"]

1.e4 d5 2.exd5 Qxd5 3.Nc3 Qd6 4.d4 Nf6 5.Nb5 Qd8 6.Nf3 c6 7.Nc3 Bg4 8.Be2 e6
9.Ne5 Bxe2 10.Nxe2 Nbd7 11.Nd3 Qc7 12.Bf4 Bd6 13.O-O Bxf4 14.Nexf4 O-O-O
15.Re1 g5 16.Nh5 Kb8 17.Nxf6 Nxf6 18.Qf3 Nd5 19.Re5 Rdg8 20.Qg3 g4 21.Rae1 h5
22.Qh4 Qe7 23.Qxe7 Nxe7 24.c3 h4 25.Nc5 g3 26.fxg3 hxg3 27.h3 Nf5 28.Rf1 Kc7
29.Ne4 Rg7 30.Nf6 Rg6 31.Ng4 Rh7 32.Ne3 Nd6 33.Ng4 f5 34.Ne3 Ne4 35.Re1 b6
36.Nf1 Rhh6 37.Re2 Rf6 38.Nd2 Nf2 39.R5e3 f4 40.Rf3 Nxh3+ 41.gxh3 Rxh3 42.Rf1 Rh4
43.Nf3 Rg4 44.Kg2 Rh6 45.Rh1 Rf6 46.Rh7+ Kd6 47.Ne5 Rg5 48.Rd7+  1-0

[Event "Politiken Cup 2013"]
[Site "Helsingor DEN"]
[Date "2013.08.01"]
[Round "7.21"]
[White "Van Kampen,R"]
[Black "Heedt,T"]
[Result "1-0"]
[WhiteElo "2595"]
[BlackElo "2173"]

1.e4 d5 2.exd5 Qxd5 3.Nc3 Qd6 4.d4 Nf6 5.Nf3 g6 6.Nb5 Qb6 7.Na3 Bg4 8.Nc4 Qc6
9.Nce5 Qe4+ 10.Be3 e6 11.Bd3 Qd5 12.O-O Nbd7 13.c4 Bxf3 14.Nxf3 Qd6 15.Qb3 O-O-O
16.Rfd1 Qb4 17.c5 Nd5 18.Qc2 Nxe3 19.fxe3 c6 20.a3 Qa5 21.b4 Qc7 22.b5 cxb5
23.Bxb5 Nb8 24.Rab1 Bg7 25.Qa4 a6 26.Bd3 e5 27.Be4 Rd7 28.Rxb7 Qxb7 29.Bxb7+ Rxb7
30.d5 Rd8 31.Ng5 Bh6 32.Qh4 Bf8 33.d6 h6 34.Qh3+ f5 35.Ne6 Re8 36.Nxf8 Rxf8
37.Qxh6 Rg8 38.Qh4 Nc6 39.Qc4 Rgg7 40.Qxa6 Nb8 41.Qa4 Ra7 42.Qe8+ Kb7 43.Rb1+  1-0

[Event "10th Plancoet Open A"]
[Site "Plancoet FRA"]
[Date "2013.08.01"]
[Round "7.4"]
[White "Meng,R"]
[Black "Milchev,N"]
[Result "1/2-1/2"]
[WhiteElo "2307"]
[BlackElo "2433"]

1.e4 d5 2.exd5 Qxd5 3.Nc3 Qd6 4.d4 Nf6 5.g3 Bg4 6.Nf3 Nc6 7.Nb5 Qe6+ 8.Be2 O-O-O
9.Ng5 Qxe2+ 10.Qxe2 Bxe2 11.Kxe2 a6 12.Nxf7 axb5 13.Nxh8 Nxd4+ 14.Kf1 Nxc2
15.Rb1 Rd1+ 16.Kg2 Ne1+ 17.Kf1 Nd3+ 18.Kg2 Ne1+ 19.Kf1 Nd3+ 20.Kg2 Ne1+  1/2-1/2

[Event "9th Tabor Open 2013"]
[Site "Tabor CZE"]
[Date "2013.08.01"]
[Round "6.7"]
[White "Malcanek,J"]
[Black "Heinzel,O"]
[Result "0-1"]
[WhiteElo "2069"]
[BlackElo "2379"]

1.e4 d5 2.exd5 Qxd5 3.Nc3 Qd6 4.d4 Nf6 5.Nf3 Nc6 6.Nb5 Qd8 7.Bg5 a6 8.Bxf6 exf6
9.Nc3 Bg4 10.Qe2+ Be7 11.O-O-O O-O 12.h3 Bxf3 13.Qxf3 Nxd4 14.Qxb7 c5 15.Bc4 Bd6
16.g3 Rb8 17.Qxa6 Rb6 18.Qa5 Rxb2 19.Qxd8 Rxc2+ 20.Kb1 Rxd8 21.Rxd4 Rxc3
22.Re4 Rb8+ 23.Bb3  0-1

[Event "100th ch-GBR 2013"]
[Site "Torquay ENG"]
[Date "2013.08.01"]
[Round "4.45"]
[White "Friedland,J"]
[Black "Burke,M"]
[Result "1-0"]
[WhiteElo "2093"]
[BlackElo "1971"]

1.e4 d5 2.exd5 Qxd5 3.Nc3 Qd6 4.Bc4 Nf6 5.d3 c6 6.Bd2 Bf5 7.Qe2 e6 8.Nf3 Nbd7
9.Bb3 Be7 10.Ne4 Qc7 11.h3 Bg6 12.Bc3 Nxe4 13.dxe4 Nf6 14.Nd2 O-O 15.O-O b5
16.f4 h6 17.Rae1 Nh5 18.Qg4 Nf6 19.Qf3 Rad8 20.f5 exf5 21.exf5 Bh7 22.Ne4 Nxe4
23.Rxe4 Bc5+ 24.Kh1 Kh8 25.f6 g5 26.Re7 Rd7 27.Qh5  1-0

[Event "5th Rethymno Open"]
[Site "Rethymno GRE"]
[Date "2013.08.02"]
[Round "7.30"]
[White "Stamos,F"]
[Black "Zamit,K"]
[Result "1-0"]
[WhiteElo "2060"]
[BlackElo "1878"]

1.e4 d5 2.exd5 Qxd5 3.Nc3 Qd6 4.d4 Nf6 5.Nf3 c6 6.Ne5 Nbd7 7.Nc4 Qc7 8.Qf3 Nb6
9.Bf4 Qd7 10.Nxb6 axb6 11.O-O-O Qg4 12.Qe3 Nd5 13.Nxd5 cxd5 14.a3 Bd7 15.f3 Qg6
16.Qb3 Qc6 17.Rd3 Qf6 18.Be5 Qh6+ 19.Kb1 f6 20.Bg3 e6 21.Qxb6 Bc6 22.Rc3 Be7
23.Bb5 Qd2 24.Qxb7 Kf7 25.Rxc6 Rhb8 26.Bxb8  1-0

[Event "Arad Open 2013"]
[Site "Arad ROU"]
[Date "2013.08.03"]
[Round "1.12"]
[White "Nastro,Federico"]
[Black "Enchev,I"]
[Result "0-1"]
[WhiteElo "1842"]
[BlackElo "2450"]

1.e4 d5 2.exd5 Qxd5 3.Nc3 Qd6 4.d4 Nf6 5.g3 g6 6.Bg2 Bg7 7.Nge2 O-O 8.O-O Rd8
9.Bf4 Qb6 10.a4 a5 11.Qc1 c6 12.Be3 Qb4 13.h3 Nbd7 14.Rd1 Nb6 15.Kh2 Nc4
16.b3 Nxe3 17.Qxe3 h5 18.Na2 Qd6 19.c4 h4 20.Nac3 Bf5 21.Ra2 Qb4 22.Rb2 Qa3
23.Qc1 Bh6 24.Qa1 Qd6 25.d5 hxg3+ 26.fxg3 c5 27.Nb5 Qe5 28.Ra2 Qe3 29.Qc3 Qg5
30.Qe5 Qh5 31.Qxe7 Ng4+ 32.Kg1 Be3+ 33.Kf1 Nh2+ 34.Ke1 Nf3+ 35.Kf1 Re8 36.Qxb7 Bxh3
37.Nd6 Ne5 38.Nc3 Qf3+ 39.Ke1 Bxg2  0-1